[Event "WYCC Open U18"]
[Site "Porto Carras"]
[Date "2015.10.27"]
[Round "3.18"]
[White "Vucinic, Gojko"]
[Black "Nikolovski, Nikola"]
[Result "0-1"]
[BlackElo "2212"]
[WhiteElo "2358"]
[LiveChessVersion "1.4.6"]

1. e4 {[%clk 1:30:59]} d5 {[%clk 1:30:29]} 2. exd5 {[%clk 1:31:23]} Nf6
{[%clk 1:30:43]} 3. d4 {[%clk 1:31:49]} Nxd5 {[%clk 1:30:39]} 4. Nf3
{[%clk 1:31:16]} Bg4 {[%clk 1:30:47]} 5. Be2 {[%clk 1:31:43]} Nc6
{[%clk 1:30:45]} 6. h3 {[%clk 1:31:12]} Bh5 {[%clk 1:25:17]} 7. O-O
{[%clk 1:28:21]} e6 {[%clk 1:25:12]} 8. c4 {[%clk 1:17:11]} Nb6 {[%clk 1:24:58]}
9. Be3 {[%clk 1:17:16]} Bxf3 {[%clk 1:23:47]} 10. Bxf3 {[%clk 1:16:59]} Nxc4
{[%clk 1:23:37]} 11. Qa4 {[%clk 1:16:26]} Nb6 {[%clk 1:23:51]} 12. Bxc6+
{[%clk 1:14:48]} bxc6 {[%clk 1:24:12]} 13. Qxc6+ {[%clk 1:15:13]} Qd7
{[%clk 1:24:35]} 14. Qf3 {[%clk 1:11:02]} Bb4 {[%clk 1:16:52]} 15. a3
{[%clk 1:06:52]} Be7 {[%clk 1:13:24]} 16. Nc3 {[%clk 1:06:18]} O-O
{[%clk 1:13:24]} 17. b3 {[%clk 1:04:24]} c6 {[%clk 0:38:11]} 18. Rfc1
{[%clk 0:57:51]} Rfb8 {[%clk 0:33:12]} 19. Ne4 {[%clk 0:50:41]} Nd5
{[%clk 0:33:08]} 20. Bd2 {[%clk 0:49:23]} a5 {[%clk 0:25:20]} 21. Rc4
{[%clk 0:36:41]} Qb7 {[%clk 0:23:42]} 22. Nc5 {[%clk 0:33:24]} Qb5
{[%clk 0:17:11]} 23. a4 {[%clk 0:27:03]} Qb6 {[%clk 0:17:35]} 24. Rac1
{[%clk 0:27:23]} Rd8 {[%clk 0:08:52]} 25. Qd1 {[%clk 0:22:24]} Bf6
{[%clk 0:07:22]} 26. Ne4 {[%clk 0:17:57]} Bxd4 {[%clk 0:07:25]} 27. Bg5
{[%clk 0:14:08]} Nf6 {[%clk 0:06:55]} 28. Qf3 {[%clk 0:13:09]} Nxe4
{[%clk 0:04:00]} 29. Bxd8 {[%clk 0:11:55]} Rxd8 {[%clk 0:01:35]} 30. Qxe4
{[%clk 0:11:22]} c5 {[%clk 0:02:01]} 31. Qf3 {[%clk 0:10:10]} g6 {[%clk 0:02:00]}
32. Rd1 {[%clk 0:09:19]} Rd5 {[%clk 0:02:02]} 33. Rc2 {[%clk 0:07:07]} Kg7
{[%clk 0:01:58]} 34. Kh1 {[%clk 0:06:00]} Qd6 {[%clk 0:01:37]} 35. Qe2
{[%clk 0:05:03]} Qf4 {[%clk 0:00:58]} 36. g3 {[%clk 0:02:47]} Qd6
{[%clk 0:00:48]} 37. Qb5 {[%clk 0:01:39]} Rh5 {[%clk 0:00:55]} 38. Kh2
{[%clk 0:00:49]} Qd5 {[%clk 0:01:19]} 39. Rdd2 {[%clk 0:00:51]} Qf3
{[%clk 0:01:03]} 40. Qf1 {[%clk 0:30:33]} Qxb3 {[%clk 0:31:21]} 41. Rc4
{[%clk 0:28:44]} e5 {[%clk 0:24:25]} 42. Qd3 {[%clk 0:24:21]} Qb7
{[%clk 0:21:43]} 43. f3 {[%clk 0:23:42]} Rf5 {[%clk 0:19:22]} 44. Kg2
{[%clk 0:19:43]} Rf6 {[%clk 0:17:01]} 45. Rdc2 {[%clk 0:15:52]} Qb1
{[%clk 0:13:48]} 46. Qf1 {[%clk 0:11:27]} Qb3 {[%clk 0:13:43]} 47. Qe2
{[%clk 0:10:27]} Qb6 {[%clk 0:07:51]} 48. h4 {[%clk 0:08:56]} Re6
{[%clk 0:07:26]} 49. h5 {[%clk 0:06:11]} f5 {[%clk 0:06:55]} 50. hxg6
{[%clk 0:05:39]} hxg6 {[%clk 0:06:31]} 51. Rc1 {[%clk 0:05:34]} e4
{[%clk 0:05:49]} 52. R4c2 {[%clk 0:03:57]} exf3+ {[%clk 0:02:44]} 53. Qxf3
{[%clk 0:03:51]} Re3 {[%clk 0:02:46]} 54. Qf4 {[%clk 0:03:57]} Qb7+
{[%clk 0:02:37]} 55. Kh2 {[%clk 0:03:08]} Qe7 {[%clk 0:02:19]} 56. Rb1
{[%clk 0:02:13]} Rxg3 {[%clk 0:01:42]} 57. Rb7 {[%clk 0:01:03]} Qxb7
{[%clk 0:01:55]} 58. Qxg3 {[%clk 0:01:23]} Qe4 {[%clk 0:01:48]} 59. Qb3
{[%clk 0:01:00]} Qh4+ {[%clk 0:01:21]} 60. Kg2 {[%clk 0:01:25]} Qg4+
{[%clk 0:01:47]} 61. Kf1 {[%clk 0:01:36]} Qd1+ {[%clk 0:01:54]} 62. Kg2
{[%clk 0:02:03]} Qg1+ {[%clk 0:02:04]} 63. Kh3 {[%clk 0:01:42]} Qg4+
{[%clk 0:01:56]} 64. Kh2 {[%clk 0:02:05]} Qf4+ {[%clk 0:01:36]} 65. Kg2
{[%clk 0:02:16]} Qe4+ {[%clk 0:02:02]} 66. Kf1 {[%clk 0:02:16]} f4
{[%clk 0:01:49]} 67. Rd2 {[%clk 0:01:36]} f3 {[%clk 0:01:21]} 68. Qb8
{[%clk 0:01:46]} Qg4 {[%clk 0:01:02]} 69. Qc7+ {[%clk 0:02:03]} Kh6
{[%clk 0:01:24]} 70. Rh2+ {[%clk 0:01:55]} Kg5 {[%clk 0:01:50]} 71. Qe7+
{[%clk 0:01:37]} Kf5 {[%clk 0:01:49]} 72. Qd7+ {[%clk 0:01:22]} Kf4
{[%clk 0:02:10]} 73. Qc7+ {[%clk 0:01:12]} Ke4 {[%clk 0:01:38]} 74. Qb7+
{[%clk 0:01:10]} Ke3 {[%clk 0:01:24]} 75. Qb3+ {[%clk 0:01:16]} Kf4
{[%clk 0:01:20]} 76. Qf7+ {[%clk 0:00:54]} Qf5 {[%clk 0:01:03]} 77. Rh4+
{[%clk 0:00:40]} Kg5 {[%clk 0:01:04]} 78. Qxf5+ {[%clk 0:00:40]} Kxf5
{[%clk 0:01:30]} 79. Rh7 {[%clk 0:00:38]} g5 {[%clk 0:01:53]} 80. Rf7+
{[%clk 0:00:52]} Ke4 {[%clk 0:01:57]} 81. Re7+ {[%clk 0:00:44]} Kd3
{[%clk 0:02:21]} 82. Rf7 {[%clk 0:01:10]} g4 {[%clk 0:02:34]} 83. Rf4
{[%clk 0:01:25]} c4 {[%clk 0:02:47]} 84. Rxg4 {[%clk 0:01:53]} c3
{[%clk 0:03:12]} 0-1

[Event "WYCC Open U18"]
[Site "Porto Carras"]
[Date "2015.10.28"]
[Round "4.1"]
[White "Alekseenko, Kirill"]
[Black "Mosadeghpour, Masoud"]
[Result "0-1"]
[BlackElo "2420"]
[WhiteElo "2539"]
[LiveChessVersion "1.4.6"]

1. c4 {[%clk 1:30:22]} Nf6 {[%clk 1:30:46]} 2. Nc3 {[%clk 1:30:11]} d5
{[%clk 1:31:10]} 3. cxd5 {[%clk 1:30:10]} Nxd5 {[%clk 1:31:35]} 4. g3
{[%clk 1:30:03]} g6 {[%clk 1:31:58]} 5. Bg2 {[%clk 1:29:59]} Nb6 {[%clk 1:32:21]}
6. Nf3 {[%clk 1:28:16]} Bg7 {[%clk 1:32:30]} 7. O-O {[%clk 1:27:00]} O-O
{[%clk 1:32:52]} 8. d4 {[%clk 1:21:59]} Nc6 {[%clk 1:33:10]} 9. d5
{[%clk 1:20:30]} Na5 {[%clk 1:33:12]} 10. e4 {[%clk 1:19:02]} c6 {[%clk 1:33:11]}
11. Re1 {[%clk 1:18:15]} Nac4 {[%clk 1:28:50]} 12. dxc6 {[%clk 1:14:10]} bxc6
{[%clk 1:29:09]} 13. Qc2 {[%clk 1:13:34]} Qd6 {[%clk 1:16:02]} 14. a3
{[%clk 0:48:47]} Bg4 {[%clk 1:01:23]} 15. e5 {[%clk 0:24:28]} Qd7
{[%clk 0:40:29]} 16. Bf4 {[%clk 0:23:02]} Rad8 {[%clk 0:36:50]} 17. Qc1 Na5
{[%clk 0:21:46]} 18. Rd1 {[%clk 0:14:32]} Qf5 {[%clk 0:20:46]} 19. Rxd8
{[%clk 0:12:07]} Rxd8 {[%clk 0:21:08]} 20. Qe1 {[%clk 0:12:17]} Nac4
{[%clk 0:12:17]} 21. Nh4 {[%clk 0:10:25]} Qc8 {[%clk 0:09:36]} 22. b3
{[%clk 0:06:50]} Nb2 {[%clk 0:09:56]} 23. Qe3 {[%clk 0:06:41]} Nd3
{[%clk 0:06:43]} 24. Nf3 {[%clk 0:07:06]} Nxf4 {[%clk 0:05:14]} 25. gxf4
{[%clk 0:07:35]} Bh3 {[%clk 0:03:46]} 26. Ng5 {[%clk 0:06:28]} Bxg2
{[%clk 0:03:45]} 27. Kxg2 {[%clk 0:06:57]} Qf5 {[%clk 0:02:03]} 28. Ne2
{[%clk 0:03:33]} Nd5 {[%clk 0:01:01]} 29. Qg3 {[%clk 0:01:23]} Nxf4+
{[%clk 0:00:35]} 30. Nxf4 {[%clk 0:01:19]} Bxe5 {[%clk 0:00:57]} 31. Qh4
{[%clk 0:01:45]} Qxf4 {[%clk 0:00:51]} 32. Qxh7+ {[%clk 0:01:52]} Kf8
{[%clk 0:01:17]} 33. Qh6+ {[%clk 0:02:17]} Ke8 {[%clk 0:01:37]} 34. Rf1
{[%clk 0:01:36]} Bf6 {[%clk 0:01:14]} 35. h4 {[%clk 0:02:02]} Rd5
{[%clk 0:00:53]} 36. Re1 {[%clk 0:01:46]} Bxg5 {[%clk 0:00:43]} 37. Qh8+
{[%clk 0:02:08]} Kd7 {[%clk 0:01:10]} 38. hxg5 {[%clk 0:02:27]} Qxg5+
{[%clk 0:00:53]} 39. Kf1 {[%clk 0:02:53]} Qh5 {[%clk 0:00:55]} 40. Qb8
{[%clk 0:32:02]} Qh3+ {[%clk 0:31:19]} 0-1

[Event "WYCC Open U18"]
[Site "Porto Carras"]
[Date "2015.10.28"]
[Round "4.2"]
[White "Vaibhav, Suri"]
[Black "Stathopoulos, Ioannis"]
[Result "1/2-1/2"]
[BlackElo "2338"]
[WhiteElo "2561"]
[LiveChessVersion "1.4.6"]

1. d4 {[%clk 1:30:47]} Nf6 {[%clk 1:30:47]} 2. c4 {[%clk 1:31:08]} g6
{[%clk 1:31:13]} 3. Nf3 {[%clk 1:31:30]} Bg7 {[%clk 1:31:35]} 4. g3
{[%clk 1:31:53]} O-O {[%clk 1:31:48]} 5. Bg2 {[%clk 1:32:18]} c6 {[%clk 1:31:35]}
6. O-O {[%clk 1:31:25]} d5 {[%clk 1:31:59]} 7. cxd5 {[%clk 1:28:55]} cxd5
{[%clk 1:31:55]} 8. Ne5 {[%clk 1:27:45]} Nc6 {[%clk 1:32:03]} 9. Nxc6
{[%clk 1:26:34]} bxc6 {[%clk 1:32:25]} 10. Nc3 {[%clk 1:26:43]} Bf5
{[%clk 1:31:06]} 11. Bf4 {[%clk 1:24:38]} Nd7 {[%clk 1:23:15]} 12. Rc1
{[%clk 1:14:57]} Qb6 {[%clk 1:08:27]} 13. Na4 {[%clk 1:12:37]} Qxd4
{[%clk 1:04:03]} 14. Qxd4 {[%clk 1:11:30]} Bxd4 {[%clk 1:04:29]} 15. Rxc6
{[%clk 1:11:40]} e6 {[%clk 0:53:30]} 16. Rd1 {[%clk 1:10:59]} Bg7
{[%clk 0:53:02]} 17. h3 {[%clk 0:53:22]} h5 {[%clk 0:51:02]} 18. b3
{[%clk 0:53:05]} Nb8 {[%clk 0:29:23]} 19. Rd6 {[%clk 0:42:36]} g5
{[%clk 0:25:08]} 20. Bxg5 {[%clk 0:39:51]} Be5 {[%clk 0:25:34]} 21. Bxd5
{[%clk 0:29:08]} exd5 {[%clk 0:25:20]} 22. R6xd5 Nc6 {[%clk 0:18:22]} 23. f4
{[%clk 0:27:24]} Bd4+ {[%clk 0:16:15]} 24. R5xd4 {[%clk 0:26:32]} Nxd4
{[%clk 0:16:38]} 25. Rxd4 {[%clk 0:26:59]} f6 {[%clk 0:15:45]} 26. Bh4
{[%clk 0:27:02]} Rac8 {[%clk 0:14:59]} 27. Rd5 {[%clk 0:15:52]} Rc1+
{[%clk 0:13:55]} 28. Kf2 {[%clk 0:16:16]} Bxh3 {[%clk 0:13:41]} 29. e4
{[%clk 0:14:16]} Rc2+ {[%clk 0:03:37]} 30. Ke3 {[%clk 0:14:39]} Rxa2
{[%clk 0:03:10]} 31. Nc5 {[%clk 0:10:17]} Bg4 {[%clk 0:02:26]} 32. f5
{[%clk 0:10:05]} Re2+ {[%clk 0:01:43]} 33. Kd3 {[%clk 0:10:34]} Bf3
{[%clk 0:01:55]} 34. Rd6 {[%clk 0:09:22]} Rc8 {[%clk 0:01:56]} 35. Nd7
{[%clk 0:09:33]} Re1 {[%clk 0:01:42]} 36. Nxf6+ {[%clk 0:09:38]} Kf8
{[%clk 0:01:30]} 37. Kd4 {[%clk 0:06:17]} Re8 {[%clk 0:00:50]} 38. Nxe8
{[%clk 0:03:08]} Rxe4+ {[%clk 0:01:18]} 39. Kc3 {[%clk 0:01:51]} Rxe8
{[%clk 0:00:46]} 40. b4 {[%clk 0:30:44]} Re5 {[%clk 0:30:35]} 41. f6
{[%clk 0:25:46]} a5 {[%clk 0:30:07]} 42. Rd8+ {[%clk 0:24:34]} Kf7
{[%clk 0:30:20]} 43. Rd7+ {[%clk 0:24:54]} Kf8 {[%clk 0:29:57]} 44. Kd4
{[%clk 0:22:25]} Re4+ {[%clk 0:28:44]} 45. Kd3 {[%clk 0:21:44]} Re5
{[%clk 0:23:37]} 46. Re7 {[%clk 0:15:52]} Rf5 {[%clk 0:22:49]} 47. bxa5
{[%clk 0:15:22]} Rxa5 {[%clk 0:23:11]} 48. Ke3 {[%clk 0:15:50]} Rf5
{[%clk 0:23:16]} 49. Rg7 {[%clk 0:16:07]} Bg2 {[%clk 0:19:52]} 50. Bg5
{[%clk 0:14:33]} Rf3+ {[%clk 0:20:07]} 51. Ke2 {[%clk 0:14:20]} Rf5
{[%clk 0:20:23]} 52. Bh4 {[%clk 0:14:24]} Bf3+ {[%clk 0:20:40]} 53. Kd3
{[%clk 0:14:29]} Ke8 {[%clk 0:19:30]} 54. Ke3 {[%clk 0:13:32]} Kf8
{[%clk 0:19:36]} 55. Bg5 {[%clk 0:12:25]} Bh1 {[%clk 0:19:41]} 56. Bh4
{[%clk 0:12:00]} Bf3 {[%clk 0:19:39]} 57. Kf2 {[%clk 0:12:06]} Bg4+
{[%clk 0:19:25]} 58. Kg1 {[%clk 0:12:28]} Bf3 {[%clk 0:19:24]} 59. Bg5
{[%clk 0:12:50]} Bg4 {[%clk 0:18:49]} 60. Kg2 {[%clk 0:13:13]} Be2
{[%clk 0:13:13]} 61. Kh3 {[%clk 0:13:17]} Bc4 {[%clk 0:12:57]} 62. Kh4
{[%clk 0:10:10]} Bf7 {[%clk 0:13:24]} 63. Rh7 {[%clk 0:08:37]} Kg8
{[%clk 0:13:25]} 64. Rg7+ {[%clk 0:09:06]} Kf8 {[%clk 0:13:53]} 65. g4
{[%clk 0:08:09]} Rf1 {[%clk 0:12:28]} 66. gxh5 {[%clk 0:04:08]} Rh1+
{[%clk 0:12:48]} 67. Kg4 {[%clk 0:03:57]} Bxh5+ {[%clk 0:13:01]} 68. Kf5
{[%clk 0:04:19]} Bf7 {[%clk 0:12:43]} 69. Bf4 {[%clk 0:04:36]} Rh5+
{[%clk 0:12:55]} 70. Ke4 {[%clk 0:04:23]} Bd5+ {[%clk 0:10:18]} 71. Kd4
{[%clk 0:04:46]} Bf7 {[%clk 0:10:18]} 72. Be5 {[%clk 0:05:09]} Ke8
{[%clk 0:10:09]} 73. Rg1 {[%clk 0:05:22]} Kd7 {[%clk 0:10:21]} 1/2-1/2

[Event "WYCC Open U18"]
[Site "Porto Carras"]
[Date "2015.10.28"]
[Round "4.3"]
[White "Carneiro, Vitor Roberto Castro"]
[Black "Sanal, Vahap"]
[Result "0-1"]
[BlackElo "2501"]
[WhiteElo "2381"]
[LiveChessVersion "1.4.6"]

1. Nf3 {[%clk 1:30:46]} Nf6 {[%clk 1:30:44]} 2. c4 {[%clk 1:30:51]} e6
{[%clk 1:31:03]} 3. g3 {[%clk 1:30:52]} b6 {[%clk 1:31:25]} 4. Bg2
{[%clk 1:30:43]} Bb7 {[%clk 1:31:46]} 5. O-O {[%clk 1:30:13]} Be7
{[%clk 1:32:04]} 6. Nc3 {[%clk 1:30:07]} O-O {[%clk 1:32:21]} 7. d4
{[%clk 1:29:21]} Ne4 {[%clk 1:32:04]} 8. Bd2 {[%clk 1:28:04]} Nxd2
{[%clk 1:27:35]} 9. Qxd2 {[%clk 1:25:46]} d6 {[%clk 1:26:36]} 10. d5
{[%clk 1:20:31]} e5 {[%clk 1:25:19]} 11. e4 {[%clk 1:19:08]} Nd7 {[%clk 1:24:17]}
12. Ne1 {[%clk 1:02:30]} g6 {[%clk 1:23:53]} 13. Nd3 {[%clk 1:00:39]} Bg5
{[%clk 1:21:35]} 14. f4 {[%clk 0:51:02]} Bh6 {[%clk 1:21:09]} 15. Qc2
{[%clk 0:50:44]} Qe7 {[%clk 1:09:18]} 16. Nb4 {[%clk 0:25:16]} Qf6
{[%clk 1:04:01]} 17. Qf2 {[%clk 0:20:13]} a6 {[%clk 0:56:51]} 18. Nc6
{[%clk 0:15:11]} Rae8 {[%clk 0:55:36]} 19. f5 {[%clk 0:14:01]} Bxc6
{[%clk 0:49:40]} 20. dxc6 {[%clk 0:14:20]} Nb8 {[%clk 0:49:56]} 21. Nd5
{[%clk 0:13:35]} Qd8 {[%clk 0:50:13]} 22. f6 {[%clk 0:12:54]} Nxc6
{[%clk 0:50:36]} 23. g4 Bg5 {[%clk 0:42:48]} 24. Rad1 {[%clk 0:04:46]} h6
{[%clk 0:39:50]} 25. h4 {[%clk 0:03:54]} Bf4 {[%clk 0:40:18]} 26. Nxf4
{[%clk 0:03:56]} exf4 {[%clk 0:40:47]} 27. Qxf4 {[%clk 0:04:15]} Kh7
{[%clk 0:41:10]} 28. e5 {[%clk 0:03:10]} Nxe5 {[%clk 0:41:07]} 29. h5
{[%clk 0:03:22]} Qd7 {[%clk 0:39:20]} 30. Rd4 {[%clk 0:03:01]} c5
{[%clk 0:35:41]} 31. Re4 {[%clk 0:02:53]} gxh5 {[%clk 0:31:45]} 32. gxh5
{[%clk 0:01:10]} Rg8 {[%clk 0:31:57]} 33. Qf5+ {[%clk 0:00:39]} Qxf5
{[%clk 0:32:20]} 34. Rxf5 {[%clk 0:01:00]} Nf3+ {[%clk 0:32:37]} 35. Kf2
{[%clk 0:01:12]} Rxe4 {[%clk 0:32:58]} 36. Bxf3 {[%clk 0:01:29]} Re5
{[%clk 0:31:12]} 37. Rxe5 {[%clk 0:01:05]} dxe5 {[%clk 0:31:40]} 38. Be4+
{[%clk 0:00:32]} Kh8 {[%clk 0:32:07]} 39. Ke3 {[%clk 0:00:36]} Rg4
{[%clk 0:32:19]} 40. Bd5 {[%clk 0:30:32]} Kg8 {[%clk 1:02:39]} 0-1

[Event "WYCC Open U18"]
[Site "Porto Carras"]
[Date "2015.10.28"]
[Round "4.4"]
[White "Yuffa, Daniil"]
[Black "Cuellar, Diego"]
[Result "1-0"]
[BlackElo "2372"]
[WhiteElo "2485"]
[LiveChessVersion "1.4.6"]

1. d4 {[%clk 1:30:55]} d5 {[%clk 1:30:53]} 2. c4 {[%clk 1:31:21]} c6
{[%clk 1:31:20]} 3. Nf3 {[%clk 1:31:26]} Nf6 {[%clk 1:31:43]} 4. Nc3
{[%clk 1:31:49]} e6 {[%clk 1:31:32]} 5. e3 {[%clk 1:32:09]} Nbd7 {[%clk 1:31:57]}
6. Qc2 {[%clk 1:32:34]} Bd6 {[%clk 1:32:11]} 7. Bd3 {[%clk 1:32:58]} O-O
{[%clk 1:31:04]} 8. O-O {[%clk 1:33:22]} dxc4 {[%clk 1:31:01]} 9. Bxc4
{[%clk 1:33:47]} b5 {[%clk 1:30:56]} 10. Bd3 {[%clk 1:34:00]} Bb7
{[%clk 1:29:34]} 11. a3 {[%clk 1:33:33]} a6 {[%clk 1:13:11]} 12. b4
{[%clk 1:33:31]} a5 {[%clk 1:13:17]} 13. Rb1 {[%clk 1:33:56]} axb4
{[%clk 1:11:53]} 14. axb4 {[%clk 1:34:23]} Qe7 {[%clk 1:11:09]} 15. e4
{[%clk 1:31:04]} e5 {[%clk 1:10:04]} 16. Ne2 {[%clk 1:31:22]} Bxb4
{[%clk 1:01:53]} 17. Ng3 {[%clk 1:31:40]} Rfe8 {[%clk 0:46:11]} 18. dxe5
{[%clk 1:21:52]} Ng4 {[%clk 0:45:41]} 19. e6 {[%clk 1:21:12]} fxe6
{[%clk 0:42:08]} 20. e5 {[%clk 1:21:10]} h6 {[%clk 0:42:24]} 21. Bg6
{[%clk 1:06:05]} Ngxe5 {[%clk 0:29:58]} 22. Nxe5 {[%clk 1:05:59]} Nxe5
{[%clk 0:30:24]} 23. Bxe8 {[%clk 1:05:14]} Rxe8 {[%clk 0:30:51]} 24. Bb2
{[%clk 0:53:13]} Nc4 {[%clk 0:21:24]} 25. Bxg7 {[%clk 0:53:26]} Kxg7
{[%clk 0:21:17]} 26. Nh5+ {[%clk 0:53:36]} Kh8 {[%clk 0:21:00]} 27. Rxb4
{[%clk 0:51:00]} Qg5 28. Rxc4 {[%clk 0:40:15]} bxc4 {[%clk 0:09:05]} 29. Qb2+
{[%clk 0:40:27]} e5 {[%clk 0:02:43]} 30. Qxb7 {[%clk 0:40:44]} Qxh5
{[%clk 0:03:08]} 31. Qxc6 {[%clk 0:41:02]} Rf8 {[%clk 0:01:25]} 32. Qxc4
{[%clk 0:41:16]} Qf5 {[%clk 0:01:50]} 33. Qc5 {[%clk 0:40:49]} Rc8
{[%clk 0:00:47]} 34. Qb6 {[%clk 0:38:33]} Qg5 {[%clk 0:00:35]} 35. Qb2
{[%clk 0:38:19]} Kg8 {[%clk 0:00:31]} 36. Re1 {[%clk 0:38:07]} Qf5
{[%clk 0:00:35]} 37. h3 {[%clk 0:37:57]} Rc2 {[%clk 0:00:41]} 38. Qb6
{[%clk 0:37:25]} h5 {[%clk 0:00:45]} 39. Ra1 {[%clk 0:34:49]} Rc8
{[%clk 0:01:07]} 40. Ra3 {[%clk 1:03:04]} Rf8 41. Rf3 {[%clk 1:02:07]} 1-0

[Event "WYCC Open U18"]
[Site "Porto Carras"]
[Date "2015.10.28"]
[Round "4.5"]
[White "Sibashvili, Giorgi"]
[Black "Bellahcene, Bilel"]
[Result "0-1"]
[BlackElo "2455"]
[WhiteElo "2367"]
[LiveChessVersion "1.4.6"]

1. d4 {[%clk 1:30:56]} e6 {[%clk 1:30:56]} 2. c4 {[%clk 1:30:37]} d5
{[%clk 1:31:21]} 3. Nf3 {[%clk 1:30:13]} Nf6 {[%clk 1:31:39]} 4. Nc3
{[%clk 1:29:30]} Be7 {[%clk 1:31:54]} 5. Bf4 {[%clk 1:27:18]} O-O
{[%clk 1:32:03]} 6. e3 {[%clk 1:25:35]} Nbd7 {[%clk 1:32:18]} 7. h3
{[%clk 1:22:31]} b6 {[%clk 1:22:06]} 8. cxd5 {[%clk 1:20:45]} Nxd5
{[%clk 1:21:57]} 9. Nxd5 {[%clk 1:19:10]} exd5 {[%clk 1:22:23]} 10. Rc1
{[%clk 1:14:36]} Bb4+ {[%clk 1:19:37]} 11. Nd2 {[%clk 1:13:24]} c5
{[%clk 1:19:38]} 12. a3 {[%clk 1:10:40]} Bxd2+ {[%clk 1:16:37]} 13. Qxd2
{[%clk 1:11:03]} c4 {[%clk 1:17:01]} 14. b3 {[%clk 1:09:09]} b5 {[%clk 1:17:17]}
15. a4 {[%clk 0:39:51]} a6 {[%clk 1:16:55]} 16. Qb4 {[%clk 0:39:54]} Nf6
{[%clk 1:15:54]} 17. Be2 {[%clk 0:32:49]} Bd7 {[%clk 1:07:20]} 18. axb5
{[%clk 0:29:34]} axb5 {[%clk 1:06:08]} 19. O-O {[%clk 0:19:18]} Qa5
{[%clk 1:05:24]} 20. Bd6 {[%clk 0:18:23]} Rfc8 {[%clk 1:04:36]} 21. Bf3
{[%clk 0:14:36]} Bf5 {[%clk 0:41:04]} 22. bxc4 {[%clk 0:11:36]} bxc4 23. Qxa5
{[%clk 0:05:19]} Rxa5 {[%clk 0:40:54]} 24. g4 {[%clk 0:01:54]} Bd3
{[%clk 0:37:03]} 25. Ra1 {[%clk 0:00:45]} Rca8 {[%clk 0:29:23]} 26. Rxa5
{[%clk 0:01:10]} Rxa5 {[%clk 0:29:51]} 27. Rc1 {[%clk 0:01:32]} Be4
{[%clk 0:29:21]} 28. Be2 {[%clk 0:01:04]} Ra2 {[%clk 0:29:30]} 29. Kf1
{[%clk 0:00:44]} Bg2+ {[%clk 0:29:02]} 30. Ke1 {[%clk 0:00:35]} Ne4
{[%clk 0:28:22]} 31. Bf4 {[%clk 0:00:34]} Nd2 {[%clk 0:28:12]} 32. h4
{[%clk 0:00:34]} Nb3 {[%clk 0:28:12]} 33. Rd1 {[%clk 0:00:34]} c3
{[%clk 0:28:14]} 34. Rd3 {[%clk 0:00:33]} c2 {[%clk 0:28:01]} 0-1

[Event "WYCC Open U18"]
[Site "Porto Carras"]
[Date "2015.10.28"]
[Round "4.6"]
[White "Kaczur, Florian"]
[Black "Ali Marandi, Cemil Can"]
[Result "1/2-1/2"]
[BlackElo "2439"]
[WhiteElo "2376"]
[LiveChessVersion "1.4.6"]

1. e4 {[%clk 1:30:53]} e6 {[%clk 1:30:55]} 2. d4 {[%clk 1:31:18]} d5
{[%clk 1:31:21]} 3. e5 {[%clk 1:31:07]} c5 {[%clk 1:31:40]} 4. c3
{[%clk 1:31:32]} Qb6 {[%clk 1:31:58]} 5. Nf3 {[%clk 1:31:54]} Nc6
{[%clk 1:32:24]} 6. a3 {[%clk 1:31:49]} Nh6 {[%clk 1:32:28]} 7. b4
{[%clk 1:31:21]} cxd4 {[%clk 1:32:48]} 8. cxd4 {[%clk 1:31:46]} Nf5
{[%clk 1:33:12]} 9. Be3 {[%clk 1:30:42]} f6 {[%clk 1:33:34]} 10. exf6
{[%clk 1:30:58]} gxf6 {[%clk 1:33:57]} 11. Nc3 {[%clk 1:29:22]} Nxe3
{[%clk 1:32:55]} 12. fxe3 {[%clk 1:29:45]} Bh6 {[%clk 1:31:33]} 13. Qd2
{[%clk 1:29:49]} Ne7 {[%clk 1:25:37]} 14. Bb5+ {[%clk 1:23:54]} Kd8
{[%clk 1:25:01]} 15. O-O {[%clk 1:11:13]} e5 {[%clk 1:23:27]} 16. Qe2
{[%clk 1:01:38]} e4 {[%clk 1:20:27]} 17. Nd2 {[%clk 1:00:09]} Rg8
{[%clk 1:18:30]} 18. Rfe1 {[%clk 0:58:06]} a6 {[%clk 1:04:25]} 19. Ba4
{[%clk 0:57:29]} Bh3 {[%clk 1:02:42]} 20. g3 {[%clk 0:56:36]} Rc8
{[%clk 0:42:54]} 21. Rac1 {[%clk 0:50:39]} Qd6 {[%clk 0:39:02]} 22. Bb3
{[%clk 0:48:54]} f5 {[%clk 0:35:53]} 23. Kh1 {[%clk 0:47:18]} Rg6
{[%clk 0:34:33]} 24. Na4 {[%clk 0:42:44]} Rxc1 {[%clk 0:32:42]} 25. Rxc1
{[%clk 0:42:53]} f4 {[%clk 0:32:42]} 26. Nc5 {[%clk 0:41:40]} Ke8
{[%clk 0:28:18]} 27. exf4 {[%clk 0:40:50]} Bxf4 28. Re1 {[%clk 0:30:12]} Bxd2
{[%clk 0:21:52]} 29. Qxd2 {[%clk 0:30:36]} Nf5 {[%clk 0:20:59]} 30. Qf2
{[%clk 0:28:44]} b6 {[%clk 0:16:08]} 31. Nd3 {[%clk 0:28:19]} 1/2-1/2